000
00303nam a22001337a 4500
008
180227b xxu||||| |||| 00| 0 eng d
020
_a
9781285138169
041
_a
eng
080
_a
53
100
_a
43
101
_a
FIZ
245
_a
PRINCIPLES OF PHYSICAL SCIENCE II
_c
TRO.N.J
942
_2
udc
_c
BK
999
_c
43576
_d
43576